Music Quiz

Random Music or Kpop Quiz

Guess the kgroup by the famous member Quiz Stats

 Plays Quiz not verified by Sporcle

Challenge
Share
Tweet
Score 0/21 Timer 08:00
0 Plays Today
% Correct
Block B
91.1%
F(X)
91.1%
BIG BANG
89.1%
Shinee
89.1%
Super Junior
88.8%
SNSD
88.5%
Black Pink
87.5%
EXO
87.4%
VIXX
87.2%
Seventeen
84.9%
Twice
83.5%
% Correct
Astro
83.3%
Ikon
83.1%
Gfriend
79.6%
NCT
70.9%
Nu'est
68.5%
CLC
68%
KNK
57.8%
Btob
56.6%
April
43.1%
SF9
38.7%

You're not logged in!

Compare scores with friends on all Sporcle quizzes.
Join for Free
OR
Log In

You Might Also Like...

Show Comments

Extras

Top Quizzes Today


Score Distribution

Your Account Isn't Verified!

In order to create a playlist on Sporcle, you need to verify the email address you used during registration. Go to your Sporcle Settings to finish the process.

Report this User

Report this user for behavior that violates our Community Guidelines.

Details: